| 000 | 00718nam a2200241Ia 4500 | ||
|---|---|---|---|
| 003 | OSt | ||
| 005 | 20221122104640.0 | ||
| 008 | 210716s2017 xx 000 0 und d | ||
| 020 | _a9789352135394 | ||
| 040 | _cAIMIT LIBRARY | ||
| 041 | _aeng | ||
| 082 |
_a621.3821 _27 _bNEUM |
||
| 100 |
_aNeuburg, Matt. _963065 |
||
| 245 |
_aProgramming ios 10 / _cBy Matt Neuburg |
||
| 250 | _a7th ed. | ||
| 260 |
_aNew Delhi : _bShroff Publishers and Distributors Pvt Ltd , _c2017. |
||
| 300 |
_axxvi,1057p. ; _c23 cm. |
||
| 650 |
_aDrawing _963066 |
||
| 650 |
_aAnimation _963067 |
||
| 650 |
_aTable views and collection views _963068 |
||
| 650 |
_aPhoto library and camera _963069 |
||
| 942 |
_2ddc _cBK _e7th _k621.3821 NEUM |
||
| 999 |
_c195846 _d195846 |
||